00737nam a2200241Ia 4500001000600000003000900006008004100015040001300056040001300069041001300082100001800095100002900113245002600142245002600168250001100194260001100205260001200216260004900228300004300277500011500320650002900435650003100464 6159IT-RoPAU130308s9999 xx 000 0 und d aIT-RoPAU cIT-RoPAU aITALIANO aSelva Gustavo gCodice Aut. SPICS: 1364 aEditoriali senza voce bEditoriali senza Voce a2a ed. aMILANO bRusconi c1981 [1° Ed.:1981 - Ed.Ling.Originale:1981] a"160 p. (prefazione: no ; testo: 160)" aOsservazioni Critiche e Analisi su Avvenimenti politici nazionali e internazionali Radiogiornalismo e Politica aAUTORI/OPERE DELLA RADIO eCodice materia Spics: 6907